000
00248nam a2200097Ia 4500
008
240331s9999 xx 000 0 und d
082
_b
MAN
100
_a
Manoharan, K
245
0
_a
Saathiyum samuga amaippum thamil thesiya Inaprachchanaiyum
942
_c
L
999
_c
1522
_d
1522